书目信息 |
| 题名: |
DSLR摄影专家技法
|
|
| 作者: | 王美木 编著 | |
| 分册: | ||
| 出版信息: | 重庆 重庆大学出版社 2008 |
|
| 页数: | 232页 | |
| 开本: | 29cm | |
| 丛书名: | ||
| 单 册: | ||
| 中图分类: | J41 , TB811 | |
| 科图分类: | ||
| 主题词: | 数字照相机--摄影技术 , 数字照相机--摄影照明 , 数字照相机 , 摄影技术 , 摄影照明 | |
| 电子资源: | ||
| ISBN: | 978-7-5624-4617-0 | |
| 000 | 01018nam0 2200301 45 | |
| 001 | 1033070812 | |
| 005 | 20100408171923.18 | |
| 010 | @a978-7-5624-4617-0@dCNY58.00 | |
| 100 | @a20100401d2008 em y0chiy0110 ea | |
| 101 | 0 | @achi |
| 102 | @aCN@b500000 | |
| 105 | @aa z 000yy | |
| 106 | @ar | |
| 200 | 1 | @aDSLR摄影专家技法@ADSLR She Ying Zhuan Jia Ji Fa@e光影之道@EGuang Ying Zhi Dao@f王美木编著@FWang Mei Mu Bian Zhu |
| 210 | @a重庆@c重庆大学出版社@d2008 | |
| 215 | @a232页@c照片@d29cm | |
| 330 | @a本书对室内、室外、影棚,阴天、雨天、雪天、雾天、夜晚等场景创作时的用光法则进行讲解,并对如何运用自然光线、人造光线来提升照片的艺术表现力提出建议。 | |
| 510 | 1 | @aDigital single lens reflex photography@zeng |
| 606 | 0 | @a数字照相机@x摄影技术 |
| 606 | 0 | @a数字照相机@x摄影照明 |
| 606 | 0 | @a数字照相机 |
| 606 | 0 | @a摄影技术 |
| 606 | 0 | @a摄影照明 |
| 690 | @aJ41@v4 | |
| 690 | @aTB811@v4 | |
| 701 | 0 | @a王美木@AWang Mei Mu@4编著 |
| 801 | 0 | @aCN@bTANGWEI@c20100408 |
| 905 | @b0588089-93@dJ41@e241@f5 | |
| DSLR摄影专家技法:光影之道/王美木编著.-重庆:重庆大学出版社,2008 |
| 232页:照片;29cm |
| ISBN 978-7-5624-4617-0:CNY58.00 |
| 本书对室内、室外、影棚,阴天、雨天、雪天、雾天、夜晚等场景创作时的用光法则进行讲解,并对如何运用自然光线、人造光线来提升照片的艺术表现力提出建议。 |
| ● |
| 相关链接 |
|
|
|
|
正题名:DSLR摄影专家技法
索取号:J41/241
 
预约/预借
| 序号 | 登录号 | 条形码 | 馆藏地/架位号 | 状态 | 备注 |
| 1 | 0588089 | 205880894 | 第一样本阅览室/ [索取号:J41/241] | 在馆 | |
| 2 | 0588090 | 205880901 | 第一借阅区/ [索取号:J41/241] | 在馆 | |
| 3 | 0588091 | 205880910 | 第一借阅区/ [索取号:J41/241] | 在馆 | |
| 4 | 0588092 | 205880929 | 第一借阅区/ [索取号:J41/241] | 在馆 | |
| 5 | 0588093 | 205880938 | 第一借阅区/ [索取号:J41/241] | 在馆 |